Phonology and phonetics in Coatzospan Mixtec

Bibliographic Details
Published in:Studies in natural language and linguistic theory
Main Author: Gerfen, Chip
Content type: Book
Published: Dordrecht [etc.]: Kluwer 1999
Series:Studies in natural language and linguistic theory ; 48
Source:MPIPL_cat
_version_ 1863687013775966213
author Gerfen, Chip
author_facet Gerfen, Chip
author_search Gerfen, Chip
author_sort Gerfen, Chip
author_variant c g cg
callnumber-first 206-Ger/1
callnumber-label 206-GER/1
callnumber-raw 206-GER/1
callnumber-search 206-GER/1
collection_details MPIPL
container_title Studies in natural language and linguistic theory
dedup_id_str MPIPL_cat.PL0094469
dewey-hierarchy 0/[Unassigned]/
dewey-hierarchy_str 0/[Unassigned]/
first_indexed 2026-03-14T00:40:37Z
format 0/Buch/
format_str 0/Buch/
fullrecord <?xml version="1.0" encoding="UTF-8"?> <collection xmlns:xsi="http://www.w3.org/2001/XMLSchema-instance" xsi:schemaLocation="http://www.loc.gov/MARC21/slim http://www.loc.gov/standards/marcxml/schema/MARC21slim.xsd" xmlns="http://www.loc.gov/MARC21/slim"> <record> <leader>00000nam a2200000 ub4500</leader> <controlfield tag="001">PL0094469</controlfield> <controlfield tag="003">PLI01000000000000000092088</controlfield> <controlfield tag="005">00000000000000.0</controlfield> <controlfield tag="008"> ||| u </controlfield> <datafield tag="020" ind1=" " ind2=" "> <subfield code="a">0-7923-6034-6</subfield> </datafield> <datafield tag="020" ind1=" " ind2=" "> <subfield code="a">9780792360346</subfield> </datafield> <datafield tag="090" ind1=" " ind2=" "> <subfield code="a">206-Ger/1</subfield> </datafield> <datafield tag="100" ind1="1" ind2=" "> <subfield code="a">Gerfen, Chip</subfield> </datafield> <datafield tag="245" ind1="0" ind2="0"> <subfield code="a">Phonology and phonetics in Coatzospan Mixtec</subfield> <subfield code="c">Chip Gerfen</subfield> </datafield> <datafield tag="260" ind1=" " ind2=" "> <subfield code="a">Dordrecht [etc.]</subfield> <subfield code="b">Kluwer</subfield> <subfield code="c">1999</subfield> </datafield> <datafield tag="300" ind1=" " ind2=" "> <subfield code="a">VII, 304 p.</subfield> </datafield> <datafield tag="989" ind1=" " ind2=" "> <subfield code="a">01-06</subfield> </datafield> <datafield tag="490" ind1="0" ind2=" "> <subfield code="a">Studies in natural language and linguistic theory</subfield> <subfield code="v">48</subfield> </datafield> <datafield tag="830" ind1=" " ind2="0"> <subfield code="w">PL0000540</subfield> </datafield> <datafield tag="852" ind1=" " ind2=" "> <subfield code="c">206-Ger/1</subfield> <subfield code="m">BOOK</subfield> </datafield> </record> </collection>
hierarchy_parent_id MPIPL_cat.PL0000540
hierarchy_parent_title Studies in natural language and linguistic theory
id MPIPL_cat.PL0094469
illustrated Not Illustrated
institution MPIPL_cat
institution_str MPIPL_cat
isbn 9780792360346
0-7923-6034-6
language und
language_str und
last_indexed 2026-04-27T23:42:06Z
local_fields 01-06
online false
online_MPIPL_cat false
online_str false
physical VII, 304 p.
publishDate 1999
publishDate_str 1999
publisher Kluwer
record_format marc
series Studies in natural language and linguistic theory
signature_search 206-Ger/1
spelling Gerfen, Chip
Phonology and phonetics in Coatzospan Mixtec
Chip Gerfen
Dordrecht [etc.]
Kluwer
1999
VII, 304 p.
Studies in natural language and linguistic theory
48
PL0000540
spellingShingle Gerfen, Chip
Phonology and phonetics in Coatzospan Mixtec
Studies in natural language and linguistic theory
title Phonology and phonetics in Coatzospan Mixtec
title_full Phonology and phonetics in Coatzospan Mixtec Chip Gerfen
title_fullStr Phonology and phonetics in Coatzospan Mixtec Chip Gerfen
title_full_unstemmed Phonology and phonetics in Coatzospan Mixtec Chip Gerfen
title_search Phonology and phonetics in Coatzospan Mixtec
Studies in natural language and linguistic theory
title_short Phonology and phonetics in Coatzospan Mixtec
title_sort phonology and phonetics in coatzospan mixtec chip gerfen